| 000 | 01585cam a2200265 4500 | ||
|---|---|---|---|
| 001 | ABS67882 | ||
| 008 | 040528n2004 000 0 eng u | ||
| 035 | _a(Sirsi) u126310 | ||
| 100 | _aShelbourn, C. | ||
| 245 | _aWaste management sites, insolvency and long term financial provision - the story continues... | ||
| 260 | _c2004 | ||
| 490 |
_aJournal of Planning and Environment Law _vJune 2004, 697-707(11) |
||
| 520 | _aDiscusses the need for some legal means of securing long term care of waste management sites. During the 1980s, the Control of Pollution Act 1974 s8(4), allowed holders of waste disposal licences to cancel at any time. Once the licence was handed back to the issuing authority, all obligations ended and the ex-licence holder had no further liability for the site and any problems which might arise from it. The provisions contained in the Environmental Protection Act 1990 for long term after care of waste management sites have been weakened by two court cases: "Official Receiver (as liquidator of Celtic Extraction Ltd & Bluestone Chemicals Ltd) v Environment Agency" ([1999] 46 EG, Abs61612) and "Environment Agency v Hillridge Ltd and others" ([2003] EWHC 3023 (Ch). | ||
| 590 | _aABS | ||
| 590 | _aABS | ||
| 650 | _aWASTE MANAGEMENT SITES | ||
| 650 | _aENVIRONMENTAL PROTECTION ACT 1990 | ||
| 650 |
_aInsolvency _96247 |
||
| 650 | _aLIABILITY | ||
| 650 | _aFINANCIAL SECURITY | ||
| 650 | _aOFFICIAL RECEIVER V ENVIRONMENT AGENCY | ||
| 650 | _aENVIRONMENT AGENCY V HILLRIDGE LTD AND OTHERS | ||
| 690 | _aWASTE MANAGEMENT | ||
| 942 | _n0 | ||
| 999 |
_c117413 _d117413 |
||